000 01449cam a2200277 i 4500
003 OSt
005 20201123113244.0
008 160624s2008 ck l 001 0 spa d
010 _a 2016428022
020 _a9789587113198
040 _aEMI
_cCO-JMCR
041 0 _aspa
082 0 4 _a345.05 /
_bA666c
_223
100 1 _aArboleda Vallejo, Mario,
_eautor
_912400
245 1 0 _aCódigo penitenciario y carcelario :
_banotado /
_cMario Arboleda Vallejo.
250 _aDécimo cuarta edición
260 _aBogotá, Colombia :
_bLeyer,
_c2008
300 _axv, 365, xix-xliv páginas ;
_c22 cm.
490 1 _aCódigos anotados
500 _aIncluye índices.
505 0 _aContenidos y principios rectores -- Sistema nacional penitenciario y carcelario cárceles departamentales y municipales -- Autoridades penitenciarias y carcelarias -- Administración de personal penitenciario y carcelario -- Juez ejecución de penas y medidas de seguridad -- Régimen penitenciario y carcelario -- Trabajo -- Educación y enseñanza -- Servicio de sanidad -- Comunicaciones y visitas -- Reglamento disciplinario para internos -- Evasión -- Tratamiento penitenciario -- Atención social, penitenciario y carcelario -- Servicio pospenitenciario -- Disposiciones varias
650 2 4 _aProcedimiento Penal
_zColombia.
_98846
650 2 4 _aPrisiones
_xLegislacion
_zColombia
_912401
650 2 4 _aCódigo penitenciario
_zColombia
_912402
942 _2ddc
_cBK
999 _c7011
_d7011